000 00531nam a2200193Ia 4500
005 20250508162003.0
008 008 250505s9999 xx 000 0 eng d
020 _a0-03-029306-5
037 _aTextual
040 _aFEDL
_beng
_cFEDL
041 _aeng
_2eng
084 _a512.81, BRA
_qFEDL
100 _aBrainerd Charles J
245 0 _aOrigins of the numbers concept
260 _aNew York, USA
_bPraeger Publishers
_c1979
300 _axii,227p
942 _cTEXL
_h512.81, BRA
999 _c1373670
_d1373670